000 00349nam a2200145Ia 4500
008 100122s9999 xx 000 0 und d
082 _b30136
_a840
100 _aDONDO M
245 _aMODERN FRENCH COURSE
260 _bD.CMEHTA & CO
_c1939
300 _a546
630 _aMODERN FRENCH COURSE
730 _aMODERN FRENCH COURSE
942 _cBOOK
999 _c369541
_d369538